New Achievements in Evolutionary Computation (E-Book) (Record no. 192435)

000 -LEADER
fixed length control field 01629 a2200145 4500
003 - CONTROL NUMBER IDENTIFIER
control field Nust
005 - DATE AND TIME OF LATEST TRANSACTION
control field 20170207154037.0
040 ## - CATALOGING SOURCE
Transcribing agency Nust
100 ## - MAIN ENTRY--PERSONAL NAME
Personal name Peter Korosec
245 ## - TITLE STATEMENT
Title New Achievements in Evolutionary Computation (E-Book)
Statement of responsibility, etc. Peter Korosec
260 ## - PUBLICATION, DISTRIBUTION, ETC.
Place of publication, distribution, etc. India
Name of publisher, distributor, etc. Intech
Date of publication, distribution, etc. © 2010
300 ## - PHYSICAL DESCRIPTION
Extent 326p;
505 ## - FORMATTED CONTENTS NOTE
Formatted contents note . Diversity-Based Adaptive Evolutionary Algorithms (Page-1) Evolutionary Computation in Constraint Satisfaction Page-17) Morphological-Rank-Linear Models for Financial Time Series Forecasting (Page-37) Evolutionary Logic Synthesis of Quantum Finite State Machines for Sequence Detection (Page-77) Conflicting Multi-Objective Compatible Optimization Control (Page-113) A Multi-Criterion Evolutionary Approach Applied to Phylogenetic Reconstruction (Page-135) New Perspectives in Predicting Membrane Protein-protein Interactions (Page-157) Evolutionary Computation Applications in Current Bioinformatics (Page-173) GA-Based Q-Learning to Develop Compact Control Table for Multiple Agents (Page-181) Genetic Programming in Application to Flight Control System Design Optimisation (Page-195) Efficient Estimation of Distribution Algorithms by using the Empirical Selection Distribution (Page-229) Solving Combinatorial Problems with Time Constrains using Estimation of Distribution Algorithms and Their Application in Video-Tracking Systems (Page-251) Artificial Societies and Social Simulation using Ant Colony, Particle Swarm Optimization and Cultural Algorithms (Page-267) Particle Swarm and Ant Colony Algorithms and Their Applications in Chinese Traveling Salesman Problem (Page-297)
651 ## - SUBJECT ADDED ENTRY--GEOGRAPHIC NAME
Geographic name (E-Book)
942 ## - ADDED ENTRY ELEMENTS (KOHA)
Source of classification or shelving scheme
Koha item type Book
Holdings
Withdrawn status Lost status Source of classification or shelving scheme Damaged status Not for loan Collection code Permanent Location Current Location Date acquired Total Checkouts Barcode Date last seen Price effective from Koha item type
            Military College of Signals (MCS) Military College of Signals (MCS) 12/12/2016   MCSEB-1552 12/08/2016 12/12/2016 Book
© 2023 Central Library, National University of Sciences and Technology. All Rights Reserved.